000 00849nam a2200229 i 4500
001 155979
003 ES-MaACL
005 20250901033716.0
008 190205s1967 sp |||| | spa d
100 1 _aMontvalon, Robert de.
_9166123
245 1 3 _aEl analfabetismo problema de subdesarrollo /
_cRobert de Montvalon ; [versión de Pedro Darnell] ; prefacio de Josué de Castro.
260 _aBarcelona :
_bNova Terra,
_c1967.
300 _a177 p. ;
_c21 cm.
490 1 _aColección "El Mundo y los Hombres" ;
_v16
650 4 _aAnalfabetismo-
_zPaíses en desarrollo.
_9166124
650 4 _aEnseñanza-
_zPaíses en desarrollo.
_9166125
700 0 _aDarnell, Pedro.
_942741
700 0 _aCastro, Josué de.
_936869
830 0 0 _aColección el mundo y los hombres
_v16
_9187821
852 _aES-MaACL
_jP-437-bis-14
999 _c155979
_d155979